Plutarch's pragmatic biographies : lessons for statesmen and generals in The parallel lives /
In Plutarch's Pragmatic Biographies , Susan Jacobs argues for a major revision in how we interpret the Parallel Lives. She integrates the existing focus on moral issues into the much broader paradigm of effective leadership found in Plutarch's Moralia. There, in addition to moral virtue, t...
مؤلفون آخرون:
التنسيق: كتاب الكتروني
اللغة: English
منشور في:
Leiden ; Boston :
Brill,
[2017]
سلاسل:
Columbia Studies in the Classical Tradition
43.
Classical Studies E-Books Online, Collection 2018, ISBN: 9789004353282.
الموضوعات:
الوصول للمادة أونلاين: Login to view Source
الوسوم: إضافة وسم
رقم الطلب: PA4385
| LEADER | 03333cam a2200529Ii 4500 | ||
|---|---|---|---|
| 001 | BRILL9789004276611 | ||
| 003 | nllekb | ||
| 005 | 20230529210918.0 | ||
| 006 | m d | ||
| 007 | cr un uuuua | ||
| 008 | 170913s2017 ne sb 001 0deng d | ||
| 010 | |a 2017043953 | ||
| 020 | |a 9789004276611 |q (electronic book) | ||
| 020 | |z 9789004276604 |q (print) | ||
| 024 | 7 | |a 10.1163/9789004276611 |2 DOI | |
| 035 | |a 2017043953 |6 ORIG | ||
| 040 | |a NL-LeKB |c NL-LeKB |e rda | ||
| 043 | |a e-gr--- |a aw----- |a e------ |a ff----- | ||
| 050 | 4 | |a PA4385 | |
| 072 | 7 | |a DSBB |2 bicssc | |
| 072 | 7 | |a LIT011000 |2 bisacsh | |
| 082 | 0 | 4 | |a 809/.93592 |2 23 |
| 245 | 0 | 0 | |a Plutarch's pragmatic biographies : |b lessons for statesmen and generals in The parallel lives / |c edited by Susan G. Jacobs. |
| 264 | 1 | |a Leiden ; |a Boston : |b Brill, |c [2017] | |
| 300 | |a 1 online resource. | ||
| 336 | |a text |b txt |2 rdacontent | ||
| 337 | |a computer |b c |2 rdamedia | ||
| 338 | |a online resource |2 rdacarrier | ||
| 490 | 0 | |a Columbia studies in the classical tradition ; |v v. 43 | |
| 504 | |a Includes bibliographical references and index. | ||
| 505 | 0 | 0 | |a Preliminary Material -- Introduction -- Plutarch and His Audience -- Pragmatic Literature for Statesmen and Generals -- Didactic Agenda of the Parallel Lives: Insights from the Prologues and Synkriseis -- Political and Military Leadership -- Pericles-Fabius Maximus -- Coriolanus-Alcibiades -- Agesilaus-Pompey -- Ruling and Being Ruled -- Aemilius-Timoleon -- Demetrius-Antony -- Phocion-Cato Minor -- Conclusion -- Bibliography -- Index. |
| 506 | |a Available to subscribing member institutions only. | ||
| 520 | |a In Plutarch's Pragmatic Biographies , Susan Jacobs argues for a major revision in how we interpret the Parallel Lives. She integrates the existing focus on moral issues into the much broader paradigm of effective leadership found in Plutarch's Moralia. There, in addition to moral virtue, the successful leader needed good critical judgment, persuasiveness and facility in managing alliances and rivalries. The analysis of six sets of Lives shows how Plutarch carefully portrayed Greek and Roman leaders of the past assessing situations and solving problems that paralleled those faced by his politically-active audience. By linking victories and defeats to specific strategic insights and practical skills, Plutarch created "pragmatic biographies" that could instruct statesmen and generals of every era. | ||
| 559 | 4 | |a PA4385 | |
| 588 | |a Description based on print version record and CIP data provided by publisher; resource not viewed. | ||
| 600 | 0 | 0 | |a Plutarch. |t Lives. |
| 650 | 0 | |a Biography as a literary form. | |
| 651 | 0 | |a Greece |v Biography |x History and criticism. | |
| 651 | 0 | |a Rome |v Biography |x History and criticism. | |
| 700 | 1 | |a Jacobs, Susan G. | |
| 776 | 0 | 8 | |i Print version: |t Plutarch's pragmatic biographies |d Leiden ; Boston : Brill, [2017] |z 9789004276604 |w (DLC) 2017032459 |
| 830 | 0 | |a Columbia Studies in the Classical Tradition |v 43. | |
| 830 | 0 | |a Classical Studies E-Books Online, Collection 2018, ISBN: 9789004353282. | |
| 856 | 4 | |z DOI: |u http://dx.doi.org/10.1163/9789004276611 | |
| 942 | |2 lcc |c EBOOK | ||
| 952 | |0 0 |1 0 |2 lcc |4 0 |6 PA4385 |7 1 |9 48127 |a BRILL |b BRILL |d 2023-05-29 |l 0 |o PA4385 |r 2023-05-29 00:00:00 |w 2023-05-29 |y EBOOK | ||
| 999 | |c 53471 |d 53471 | ||
